Introduction to philosophical analysis (Record no. 1378566)

MARC details
000 -LEADER
fixed length control field 00515nam a2200193Ia 4500
005 - DATE AND TIME OF LATEST TRANSACTION
control field 20250508162749.0
008 - FIXED-LENGTH DATA ELEMENTS--GENERAL INFORMATION
fixed length control field 008 250505s9999 xx 000 0 eng d
037 ## - SOURCE OF ACQUISITION
Stock number Reference
040 ## - CATALOGING SOURCE
Original cataloging agency FEDL
Language of cataloging eng
Transcribing agency FEDL
041 ## - LANGUAGE CODE
Language code of text/sound track or separate title eng
Source of code eng
084 ## - COLON CLASSIFICATION NUMBER
Classification number 100, HOS
Assigning agency FEDL
100 ## - MAIN ENTRY--PERSONAL NAME
Personal name Hospers John
245 #0 - TITLE STATEMENT
Title Introduction to philosophical analysis
250 ## - EDITION STATEMENT
Edition statement 3
260 ## - PUBLICATION, DISTRIBUTION, ETC.
Place of publication, distribution, etc. Englewood Chiffs, USA
Name of publisher, distributor, etc. Prentice Hall
Date of publication, distribution, etc. 1988
300 ## - PHYSICAL DESCRIPTION
Extent xi,416p
942 ## - ADDED ENTRY ELEMENTS (KOHA)
Koha item type Reference
Classification part 100, HOS
Holdings
Withdrawn status Lost status Damaged status Not for loan Home library Current library Date acquired Total Checkouts Full call number Barcode Date last seen Price effective from Koha item type
        Department of Education Library Department of Education Library 2025-05-08   100, HOS EL0071313 2025-05-08 2025-05-08 Reference
Copyright @ Delhi University Library System